| 000 | 02403nam0a2200421 4500 | ||
|---|---|---|---|
| 001 | RU\NLR\bibl\931609 | ||
| 005 | 20250614192804.0 | ||
| 010 |
_a5-89764-210-9 _d60 р. _9300 |
||
| 021 |
_aRU _b2006-12015 _9587 |
||
| 035 | _a(nilc)EL/0000054707 | ||
| 035 | _a(NLR Aleph) 000919826 | ||
| 090 |
_a92683 _c92683 |
||
| 100 | _a20060317d2005 |||y0rusy50 ca | ||
| 101 | 0 | _arus | |
| 102 | _aRU | ||
| 105 | _aa ||||||||| | ||
| 200 | 1 |
_aСварка и наплавка металлов при ремонте машин и обородувания в АПК _eучебное пособие для студентов высших учебных заведений, обучающихся по специальностям 311300 - Механизация сельского хозяйства и 311900 - Технология обслуживания и ремонта машин в АПК _fС.А. Корнилович, В.В. Зильбернагель _gМ-во сел. хоз-ва Рос. Федерации, Федер. гос. образоват. учреждение высш. проф. образования "Омский гос. аграр. ун-т" |
|
| 205 | _a2-е изд., перераб. и доп. | ||
| 210 |
_aОмск _cИзд-во ФГОУ ВПО ОмГАУ _d2005 |
||
| 215 |
_a229 с. _cил. _d21 |
||
| 320 | _aБиблиогр.: с. 223 (13 назв.) | ||
| 320 | _aПредм. указ.: с. 224-226 | ||
| 606 | 1 |
_aСельскохозяйственные машины и орудия _jУчебные издания для высших учебных заведений _xДетали _xНаплавка и наварка _91602355 _3RU\NLR\auth\661003769 |
|
| 610 | 1 | _aМашина сельскохозяйственная | |
| 610 | 1 | _aРемонт машин | |
| 610 | 1 | _aСварка металлов | |
| 610 | 1 | _aНаплавка металлов | |
| 686 |
_a40.72-083я73 _vLBC/RL _2rubbk |
||
| 686 |
_a34.641я73 _vLBC/RL _2rubbk |
||
| 686 | _aП072-083.051.5я73 | ||
| 700 | 1 |
_aКорнилович _bС. А. _gСтанислав Антонович _4070 |
|
| 701 | 1 |
_aЗильбернагель _bВ. В. _gВладимир Викторович _4070 |
|
| 801 | 0 |
_aRU _bОмская ГОНБ _c20060317 _gPSBO |
|
| 801 | 1 |
_aRU _bОмская ГОНБ _c20060317 |
|
| 801 | 2 |
_aRU _bNLR _c20060413 _grcr |
|
| 942 | _cBOOK | ||
| 980 | _aNB | ||